[Event "Benidorm Bali op-B 20th"]
[Site "Benidorm"]
[Date "2023.12.05"]
[Round "6"]
[White "Bethencourt Hernandez, Alberto"]
[Black "Donate Moreno, David"]
[Result "1/2-1/2"]
[WhiteElo "1869"]
[BlackElo "1951"]
[PlyCount "103"]
[EventDate "2023.12.01"]
[EventType "swiss"]
[EventRounds "9"]
[EventCountry "ESP"]
[SourceTitle "CB51_2023"]
[SourceDate "2023.12.20"]
[SourceVersion "1"]
[SourceVersionDate "2023.12.20"]
[SourceQuality "1"]

1. e4 c5 2. Nf3 a6 3. c3 e6 4. d4 d5 5. Bd3 dxe4 6. Bxe4 Nf6 7. Bc2 Nc6 8. a3 h6 9. Bf4 cxd4 10. cxd4 Bd6 11. Be3 0-0 12. Nc3 b5 13. Qd3 Ne7 14. Ne4 Ned5 15. g4 Qc7 16. h4 Bb7 17. Nxf6+ Nxf6 18. Nd2 Rfc8 19. 0-0-0 Bxh1 20. Rxh1 Qb7 21. Rg1 Rc6 22. g5 hxg5 23. Bxg5 Bh2 24. Bxf6 Rxc2+ 25. Kxc2 Qc7+ 26. Kb1 Bxg1 27. Be5 Qd8 28. Qg3 f6 29. Bf4 Qxd4 30. Bh6 g5 31. hxg5 Qxf2 32. Qc7 Ra7 33. Qc8+ Kh7 34. Qxe6 f5 35. Nb3 Qf4 36. Qf6 Qe4+ 37. Ka2 f4 38. Bf8 a5 39. Nxa5 Qg6 40. Qxf4 Rf7 41. Qh4+ Kg8 42. Bb4 Rf1 43. Bc3 Bb6 44. Qh8+ Kf7 45. Bb4 Qb1+ 46. Kb3 Qd3+ 47. Ka2 Bxa5 48. Qf8+ Kg6 49. Qg8+ Kh5 50. Bxa5 Qb1+ 51. Kb3 Qd1+ 52. Ka2 1/2-1/2

[Event "ESP-ch U16 Rapid"]
[Site "Salobrena"]
[Date "2022.07.30"]
[Round "4"]
[White "Donate Moreno, David"]
[Black "Perez Bolanos, David"]
[Result "0-1"]
[WhiteElo "1308"]
[BlackElo "1581"]
[PlyCount "34"]
[EventDate "2022.07.30"]
[EventType "swiss (rapid)"]
[EventRounds "9"]
[EventCountry "ESP"]
[SourceTitle "EXT 2023"]
[Source "ChessBase"]
[SourceDate "2022.10.05"]
[SourceVersion "1"]
[SourceVersionDate "2022.10.05"]
[SourceQuality "1"]

1. e4 e5 2. Nf3 Nc6 3. Bc4 Nf6 4. d3 Bc5 5. c3 a6 6. Bb3 Ba7 7. 0-0 d6 8. Nbd2 0-0 9. h3 h6 10. Re1 Re8 11. Nf1 Be6 12. Bc2 d5 13. Qe2 Qd7 14. g4 h5 15. g5 Bxh3 16. gxf6 Qg4+ 17. Ng3 Qxg3+ 0-1

[Event "ESP-ch U16"]
[Site "Salobrena"]
[Date "2022.07.25"]
[Round "2"]
[White "Vesga Izeta, Markel"]
[Black "Donate Moreno, David"]
[Result "1-0"]
[WhiteElo "2143"]
[BlackElo "1869"]
[PlyCount "65"]
[EventDate "2022.07.25"]
[EventType "swiss"]
[EventRounds "9"]
[EventCountry "ESP"]
[SourceTitle "EXT 2023"]
[Source "ChessBase"]
[SourceDate "2022.10.05"]
[SourceVersion "1"]
[SourceVersionDate "2022.10.05"]
[SourceQuality "1"]

1. d4 g6 2. c4 Bg7 3. e4 d6 4. Nc3 e5 5. d5 a5 6. Be3 Ne7 7. h4 f5 8. exf5 gxf5 9. f4 0-0 10. Nf3 e4 11. Nd4 Kh8 12. Be2 Na6 13. g4 Nc5 14. g5 c6 15. Qd2 cxd5 16. cxd5 Bd7 17. 0-0 Be8 18. Rfd1 Bf7 19. Ndb5 Nc8 20. Rac1 b6 21. Bd4 Rb8 22. h5 Nd3 23. Bxg7+ Kxg7 24. h6+ Kg8 25. Bxd3 exd3 26. Qxd3 Qd7 27. Ne2 Rb7 28. Rc6 Bh5 29. Rdc1 Na7 30. Nxa7 Rxa7 31. Nd4 Be8 32. Nb5 Ra8 33. Qd4 1-0

[Event "ESP-ch U16"]
[Site "Salobrena"]
[Date "2020.08.10"]
[Round "2"]
[White "Revaliente Montoya, Ciro"]
[Black "Donate Moreno, David"]
[Result "1-0"]
[WhiteElo "2185"]
[BlackElo "1633"]
[PlyCount "31"]
[EventDate "2020.08.10"]
[EventType "swiss"]
[EventRounds "9"]
[EventCountry "ESP"]
[SourceTitle "EXT 2021"]
[Source "ChessBase"]
[SourceDate "2020.10.23"]
[SourceVersion "1"]
[SourceVersionDate "2020.10.23"]
[SourceQuality "1"]

1. e4 e5 2. Nf3 Nc6 3. d4 exd4 4. Nxd4 Qf6 5. Nf3 Qg6 6. Nc3 Nf6 7. e5 Ng4 8. Bd3 Qe6 9. 0-0 Bc5 10. Ng5 Nxf2 11. Nxe6 Nxd1+ 12. Nxc5 Nxc3 13. bxc3 Nxe5 14. Re1 d6 15. Bf4 f6 16. Bxe5 1-0

[Event "Alzira U2200 op 9th"]
[Site "Alzira"]
[Date "2019.12.27"]
[Round "1.10"]
[White "Donate Moreno, David"]
[Black "Barberan Perez, Guillermo"]
[Result "1/2-1/2"]
[WhiteElo "1601"]
[BlackElo "1814"]
[PlyCount "57"]
[EventDate "2019.12.27"]
[EventType "swiss"]
[EventRounds "8"]
[EventCountry "ESP"]
[SourceTitle "EXT 2024"]
[Source "ChessBase"]
[SourceDate "2023.10.10"]
[SourceVersion "1"]
[SourceVersionDate "2023.10.10"]
[SourceQuality "1"]

1. e4 d6 2. d4 Nf6 3. Nd2 g6 4. c3 Bg7 5. Bd3 0-0 6. Ngf3 c5 7. 0-0 Qc7 8. Re1 Nbd7 9. Nf1 c4 10. Bc2 a6 11. Bf4 Nh5 12. Bg3 Nxg3 13. hxg3 b5 14. Ne3 Nf6 15. e5 dxe5 16. Nxe5 Bb7 17. Qe2 Rfe8 18. g4 Nd5 19. Nxd5 Bxd5 20. Be4 Rad8 21. Qf3 e6 22. Bxd5 exd5 23. Qf4 Re7 24. g3 Rde8 25. Nf3 Qxf4 26. gxf4 Re4 27. Kg2 Kf8 28. Kg3 Re2 29. Rab1 1/2-1/2

[Event "Rutas de Cuenca op 6th"]
[Site "Cuenca"]
[Date "2019.07.19"]
[Round "1"]
[White "Donate Moreno, David"]
[Black "Garcia Gata, Jorge David"]
[Result "0-1"]
[WhiteElo "1675"]
[BlackElo "2049"]
[PlyCount "44"]
[EventDate "2019.07.19"]
[EventType "swiss"]
[EventRounds "7"]
[EventCountry "ESP"]
[SourceTitle "CBM 195 Extra"]
[Source "ChessBase"]
[SourceDate "2020.05.31"]
[SourceVersion "1"]
[SourceVersionDate "2020.05.31"]
[SourceQuality "1"]

1. e4 c5 2. g3 Nc6 3. Bg2 g6 4. c3 Bg7 5. Nf3 d6 6. d4 cxd4 7. Nxd4 Nxd4 8. cxd4 Qb6 9. Be3 Qxb2 10. Nd2 Nf6 11. 0-0 Ng4 12. Nc4 Qb5 13. Qc2 Qh5 14. h4 Nxe3 15. Nxe3 0-0 16. Rfd1 Be6 17. Rab1 b6 18. Qa4 Bh6 19. Nc2 Bg4 20. Rb5 Bd7 21. Rxh5 Bxa4 22. Rxh6 Kg7 0-1